[Event "South America-ch U20 13th"]
[Site "Manta"]
[Date "2017.04.29"]
[Round "7"]
[White "Fonseca Medina, Diego"]
[Black "Avila Pavas, Santiago"]
[Result "0-1"]
[WhiteElo "1547"]
[BlackElo "2259"]
[PlyCount "78"]
[EventDate "2017.04.25"]
[EventType "swiss"]
[EventRounds "9"]
[EventCountry "ECU"]
[SourceTitle "CBM 178 Extra"]
[Source "ChessBase"]
[SourceDate "2017.06.22"]
[SourceVersion "1"]
[SourceVersionDate "2017.06.22"]
[SourceQuality "1"]

1. c4 g6 2. Nc3 Bg7 3. g3 d6 4. Bg2 Nf6 5. Nf3 0-0 6. 0-0 c6 7. d4 Qa5 8. e4 Bg4 9. h3 Bxf3 10. Bxf3 Nbd7 11. Bg2 Nb6 12. Qb3 Nfd7 13. Be3 e5 14. Ne2 exd4 15. Nxd4 Rfe8 16. Rfe1 d5 17. cxd5 Nc5 18. Qc2 cxd5 19. Nb3 Nxb3 20. axb3 Qb4 21. Bc5 Rec8 22. Bxb4 Rxc2 23. exd5 Rxb2 24. Rab1 Ra2 25. d6 Bd4 26. Rf1 a5 27. Rbd1 Bf6 28. Bc5 Nd7 29. Bd4 Bxd4 30. Rxd4 Nc5 31. Rc4 Ne6 32. Bxb7 Rd8 33. Rd1 Rb2 34. Rd3 a4 35. b4 Rb3 36. Rd1 a3 37. Rc8 Rxc8 38. Bxc8 a2 39. Bxe6 Rb1 0-1

[Event "South America-ch U20 13th"]
[Site "Manta"]
[Date "2017.04.26"]
[Round "3"]
[White "Fonseca Medina, Diego"]
[Black "Haro, Harold"]
[Result "1/2-1/2"]
[WhiteElo "1547"]
[BlackElo "1677"]
[PlyCount "107"]
[EventDate "2017.04.25"]
[EventType "swiss"]
[EventRounds "9"]
[EventCountry "ECU"]
[SourceTitle "CBM 178 Extra"]
[Source "ChessBase"]
[SourceDate "2017.06.22"]
[SourceVersion "1"]
[SourceVersionDate "2017.06.22"]
[SourceQuality "1"]

1. c4 e6 2. Nc3 d5 3. cxd5 exd5 4. d4 Nf6 5. Nf3 Be7 6. Bf4 0-0 7. e3 Bf5 8. Bd3 Bg6 9. 0-0 c6 10. Re1 Nbd7 11. Ne5 Rc8 12. Nxg6 hxg6 13. e4 dxe4 14. Nxe4 Nb6 15. Nxf6+ Bxf6 16. Be5 Nd5 17. Qb3 Qd7 18. Be4 Rfe8 19. Bxd5 cxd5 20. g3 Re6 21. Bxf6 gxf6 22. Rxe6 fxe6 23. Re1 Kf7 24. Kg2 Qc6 25. Re3 Qd7 26. a4 Rc4 27. Rc3 Qc6 28. a5 e5 29. dxe5 fxe5 30. Rf3+ Kg7 31. Qe3 e4 32. Rf4 Qc5 33. Qe2 Qxa5 34. b3 Rc7 35. g4 Qc3 36. h3 Qxb3 37. Qd2 Qc4 38. Qd1 Rf7 39. Qa1+ Kg8 40. Rxf7 Kxf7 41. Qh8 Qc6 42. g5 Ke7 43. Qg7+ Kd8 44. Qf8+ Kc7 45. Qe7+ Kb6 46. Qb4+ Ka6 47. Qa3+ Kb5 48. Qb3+ Kc5 49. Qc3+ Kd6 50. Qf6+ Kc7 51. Qe7+ Kb8 52. Qd8+ Qc8 53. Qd6+ Ka8 54. Qxd5 1/2-1/2

[Event "South America-ch U14 12th"]
[Site "Santa Cruz"]
[Date "2015.12.06"]
[Round "7"]
[White "Fonseca Medina, Diego"]
[Black "Coro, Lucas"]
[Result "1/2-1/2"]
[WhiteElo "1530"]
[BlackElo "1926"]
[PlyCount "52"]
[EventDate "2015.12.02"]
[EventType "swiss"]
[EventRounds "9"]
[EventCountry "BOL"]
[SourceTitle "CBM 170 Extra"]
[Source "ChessBase"]
[SourceDate "2016.02.25"]
[SourceVersion "1"]
[SourceVersionDate "2016.02.25"]
[SourceQuality "1"]

1. e4 c5 2. Nf3 e6 3. d4 cxd4 4. Nxd4 Nc6 5. a3 Nf6 6. Nc3 d5 7. exd5 Nxd5 8. Nxc6 bxc6 9. Bd2 Be7 10. g3 Rb8 11. b4 0-0 12. Bg2 Ba6 13. Ne2 c5 14. c3 Bf6 15. Rc1 cxb4 16. axb4 Rc8 17. 0-0 Qb6 18. Bxd5 exd5 19. Be3 Qc7 20. Re1 Bc4 21. Qa4 a6 22. Bc5 Rfe8 23. Nd4 Rcd8 24. Re3 g6 25. Rce1 Bxd4 26. cxd4 Qd7 1/2-1/2

[Event "Pan American-ch U14"]
[Site "Cali"]
[Date "2015.06.29"]
[Round "2"]
[White "Fonseca Medina, Diego"]
[Black "Gutierrez Castro, Juan Camilo"]
[Result "1-0"]
[WhiteElo "1494"]
[BlackElo "1258"]
[PlyCount "83"]
[EventDate "2015.06.28"]
[EventType "swiss"]
[EventRounds "9"]
[EventCountry "COL"]
[SourceTitle "EXT 2016"]
[Source "ChessBase"]
[SourceDate "2015.10.08"]
[SourceVersion "1"]
[SourceVersionDate "2015.10.08"]
[SourceQuality "1"]

1. c4 d5 2. cxd5 Qxd5 3. Nc3 Qd8 4. g3 Bd7 5. Bg2 Nc6 6. d4 Nf6 7. Nf3 e6 8. e4 Bb4 9. Qc2 0-0 10. 0-0 h6 11. a3 Ba5 12. b4 Bb6 13. Rd1 Qc8 14. Na4 Rd8 15. Nxb6 axb6 16. Bb2 Ne7 17. Rdc1 Rb8 18. Qxc7 Qxc7 19. Rxc7 Nxe4 20. Ne5 Nf6 21. Rxb7 Rxb7 22. Bxb7 Rb8 23. Ba6 b5 24. Nxd7 Nxd7 25. a4 bxa4 26. Rxa4 Nb6 27. Ra1 Nbd5 28. b5 Nc7 29. Ba3 Nxa6 30. bxa6 Nc6 31. Bc5 Ra8 32. a7 f6 33. Ra6 Nd8 34. Rd6 Nb7 35. Rd7 Nd8 36. Rc7 Kh8 37. Be7 Kg8 38. Bxd8 Rxd8 39. Rb7 Rxd4 40. a8Q+ Kh7 41. Qf8 Rg4 42. Qxf6 1-0